嶺南尋奇 : 聽彭嘉志說故事之廣飲廣食

資料類型: Book 圖書   書目號:55797

Leader xxxxxxxxxx
001 __ PCLIS00055797
005 __ 20220309112135.0
010 0_ |a978-986-499-070-2|b平裝|dNT$280
042 __ |anbim
100 __ |a20190715d2019    d  y0chiy09      e
101 0_ |achi
102 __ |atw
105 __ |aa   z   000fy
200 1_ |a嶺南尋奇|e聽彭嘉志說故事之廣飲廣食|f彭嘉志文|g湛藍影視圖
205 __ |a初版
210 __ |a臺北市|c龍少年出版|c龍圖騰文化發行|a新北市汐止區|c聯寶國際文化總經銷|d2019.10[民108]
211 __ |a1909
215 0_ |a[12], 81, [1]面|c彩圖|d23公分
225 1_ |a青少年行腳系列|vNTH002
517 1_ |a聽彭嘉志說故事之廣飲廣食|zchi
606 __ |2cst|a民間故事
606 __ |2cst|a飲食風俗
681 __ |a539.5233|b8643
700 _1 |a|b嘉志|4712 02 |a湛藍影視|4801 _0 |atw|bCIP
801 _1 |atw|b內湖高中|c20220129|gCCR
801 _2 |atw|b內湖高中|c20220129|gCCR
詳細館藏(共 1 筆)
索 書 號登 錄 號冊次號館別 / 館藏地流通類型狀態加入預約清單電子資源
539.5233 / 8643 2020765  圖書館 / 二樓普通區 可外借30天 在館   

| 條列資料




目錄查詢 分類查詢 個人資料 圖書薦購 新書查詢 閉館日 排行榜 更多電子資源 Hami書城 線上資料庫 登出

From : 216.73.216.116

  本日流通累計至 00:42:10 借閱 : 0 次 續借 : 0 次 歸還 : 0 次 預約 : 0 次 電子資源 : 0 次


內湖高中圖書館  PCLIS 版本  25.5.0.2